Bretagne - regionálna stratégia rozvoja.
Vo Francúzsku je regionálny rozvoj považovaný za jeden z hlavných politických a ekonomických problémov. Skúmanie niektorých aspektov špecifických pre región Bretagne, kde sa podarilo zastaviť degradačné procesy a dať regiónu novú dynamiku rozvoja. Formy podpory ekonomického rozvoja regiónu. Spôsoby...
Salvato in:
| Autore principale: | |
|---|---|
| Natura: | Capitolo di libro |
| Lingua: | ceco |
| Soggetti: | |
| Tags: |
Nessun Tag, puoi essere il primo ad aggiungerne!!
|
MARC
| LEADER | 00000naa a2200000 4500 | ||
|---|---|---|---|
| 001 | r009515 | ||
| 005 | 20220831081646.9 | ||
| 041 | 0 | |a cze | |
| 044 | |a [CS] | ||
| 245 | 1 | 0 | |a Bretagne - regionálna stratégia rozvoja. |c Martin Vološin |
| 520 | |a Vo Francúzsku je regionálny rozvoj považovaný za jeden z hlavných politických a ekonomických problémov. Skúmanie niektorých aspektov špecifických pre región Bretagne, kde sa podarilo zastaviť degradačné procesy a dať regiónu novú dynamiku rozvoja. Formy podpory ekonomického rozvoja regiónu. Spôsoby spájania súkromnej a kolektívnej iniciatívy pri rozvoji regiónu. Koncepcia technopolis Rennes ATALANTE. | ||
| 610 | 2 | 0 | |a rozvoj regionálny |
| 610 | 2 | 0 | |a Francúzsko |
| 610 | 2 | 0 | |a regióny |
| 610 | 2 | 0 | |a rozvoj hospodársky |
| 610 | 2 | 0 | |a Bretagne |
| 610 | 2 | 0 | |a stratégia hospodárska |
| 610 | 2 | 0 | |a parky vedeckotechnické |
| 610 | 2 | 0 | |a financovanie |
| 100 | 1 | |a Vološin, Martin | |